| 000 | 00350nam a22001217a 4500 | ||
|---|---|---|---|
| 008 | 230620b xxu||||| |||| 00| 0 eng d | ||
| 082 |
_a324.6 _bNEM |
||
| 100 | _cNEM | ||
| 245 |
_aThe Multi-Party General Elections in Kenya _bThe Report of the National Election Monitoring Unit(NEMU) |
||
| 260 |
_aKenya _bNEMU _c1992 |
||
| 300 | _a262p | ||
| 942 |
_2ddc _cBK |
||
| 999 |
_c1819 _d1819 |
||